01017 2200325 4500001002100000005001500021035002000036007000300056008004100059100001700100245015500117250001000272300005700282020002200339082000800361084001400369090002100383260004300404600002400447700002100471700002000492700002400512850001000536500002000546990002500566990002500591990002500616990002500641990002500666INLIS00000000000255620260601023225 a0010-0220000407ta260601 0 0 aAri Ahadrian1 aMozaik Seni dan Budaya Indonesia :bRitus dan Siklus Kehidupan di Indonesia /cAri Ahadrian, Bambang Subarnas dan Dodi R. Suwandi, Editor: Ali Muakhir acet.1 avi, 194 hlm. :bilus. ;c30 cmeBibliografi, hlm 195 a978-602-234-300-4 a350 a350 ARI m a371.1 ADJ c 26-3 aYogyakarta :bCitra Aji Pratama,c2015 4aAdministrasi Negara0 aBambang Subarnas0 aDodi R. Suwandi0 aEditor: Ali Muakhir aPUPAD aIndeks, hlm 169 a32.565/APBD/DPK/2019 a32.566/APBD/DPK/2019 a32.567/APBD/DPK/2019 a32.568/APBD/DPK/2019 a32.568/APBD/DPK/2019